[Event "Challenge"]
[Site "http://www.queenalice.com/game.php?id=361016"]
[Date "2008.2.25"]
[Round "-"]
[White "terrazzee"]
[Black "SRIVERO"]
[Result "1-0"]
[WhiteElo "1596"]
[BlackElo "1662"]

1. e4 c5 2. Nf3 Nc6 3. d4 cxd4 4. Nxd4 d6 5. Nc3 Nf6 6. Be2 g6 7. O-O Bg7 8. Be3
a6 9. a3 O-O 10. h3 b5 11. Nxc6 Qc7 12. Bf3 Qxc6 13. e5 Qd7 14. exf6 Bxf6 15.
Bxa8 Bb7 16. Bxb7 Qxb7 17. Qf3 Qc7 18. Nd5 Qxc2 19. Nxf6+ exf6 20. Qxf6 Qf5 21.
Qxd6 Qe6 22. Qd4 f6 23. Bh6 Rc8 24. Rae1 Qc4 25. Qd7 1-0

[Event "Challenge"]
[Site "http://www.queenalice.com/game.php?id=361271"]
[Date "2008.2.26"]
[Round "-"]
[White "SRIVERO"]
[Black "terrazzee"]
[Result "0-1"]
[WhiteElo "1642"]
[BlackElo "1660"]

1. d4 c6 2. c4 d5 3. Nc3 Nf6 4. Nf3 Bg4 5. e3 Nbd7 6. Be2 e6 7. O-O dxc4 8. Bxc4
Bd6 9. h3 Bh5 10. g4 Bg6 11. Qb3 b6 12. Re1 h5 13. gxh5 Rxh5 14. e4 b5 15. Bd3
Rxh3 16. Kg2 Rh5 17. Bg5 e5 18. Bxf6 Qxf6 19. Ne2 exd4 20. Nexd4 Nc5 21. Qc3
Nxd3 22. Qxd3 Bc5 23. Nf5 Kf8 24. Rh1 Rxh1 25. Rxh1 Kg8 26. Qd7 Qxb2 27. Ne7+
Bxe7 28. Qxe7 Qf6 29. Qe5 Qxe5 30. Nxe5 Bxe4+ 31. f3 Bd5 32. a3 f6 33. Nd3 Re8
34. Kf2 Bc4 35. Nc5 Re2+ 36. Kg3 Ra2 37. Kf4 Rxa3 38. Ne4 a5 39. Kf5 Rxf3+ 40.
Kg4 Be2 41. Kh4 Rf4+ 42. Kg3 Rxe4 43. Re1 Bd3 0-1

[Event "Challenge"]
[Site "http://www.queenalice.com/game.php?id=362879"]
[Date "2008.2.28"]
[Round "-"]
[White "SRIVERO"]
[Black "terrazzee"]
[Result "0-1"]
[WhiteElo "1623"]
[BlackElo "1692"]

1. d4 d5 2. c4 e6 3. Nc3 Nf6 4. Nf3 Be7 5. e3 O-O 6. Bd3 b6 7. O-O Bb7 8. Re1 c5
9. Qc2 dxc4 10. Bxc4 Bxf3 11. gxf3 cxd4 12. Ne4 dxe3 13. Bxe3 Nbd7 14. Red1 Qc7
15. Bg5 Rac8 16. b3 b5 17. Bd3 Qxc2 18. Bxc2 Rxc2 19. Bxf6 Nxf6 20. a4 b4 21.
Rd2 Rfc8 22. Rad1 Nd5 23. Rxc2 Rxc2 24. Kg2 g6 25. Rd2 Rc1 26. Rd4 Rb1 27. Nd2
Rb2 28. Kf1 Bf6 29. Rd3 Bc3 30. Ne4 Rb1+ 31. Ke2 Nf4+ 32. Ke3 Nxd3 33. Kxd3 Rxb3
34. Nxc3 Rxc3+ 35. Kd2 Rxf3 36. h4 b3 37. Kc1 Rxf2 38. a5 e5 39. a6 e4 40. h5 e3
41. hxg6 b2+ 42. Kb1 e2 43. Kxb2 e1=Q+ 44. Kb3 Qe3+ 45. Kc4 Rf4+ 46. Kd5 Qe6+
47. Kc5 Rc4+ 48. Kb5 Qc6+ 0-1

[Event "Challenge"]
[Site "http://www.queenalice.com/game.php?id=362880"]
[Date "2008.2.29"]
[Round "-"]
[White "terrazzee"]
[Black "SRIVERO"]
[Result "1-0"]
[WhiteElo "1717"]
[BlackElo "1623"]

1. e4 c5 2. Nf3 Nc6 3. d4 cxd4 4. Nxd4 d6 5. Nc3 Nf6 6. Be2 e5 7. Ndb5 a6 8. Na3
Be7 9. Bg5 O-O 10. O-O b5 11. Bxf6 Bxf6 12. Nd5 Be6 13. c3 Bxd5 14. Qxd5 Ne7 15.
Qd2 Rc8 16. Rfd1 Rc6 17. Nc2 d5 18. Nb4 Rd6 19. Nxd5 Nxd5 20. exd5 Re8 21. c4
bxc4 22. Bxc4 a5 23. a4 e4 24. Rab1 h6 25. b3 Bg5 26. Qe2 e3 27. Re1 exf2+ 28.
Qxf2 Rxe1+ 29. Rxe1 Kh7 30. Qxf7 Qb6+ 31. Kh1 Qd4 32. Qf5+ g6 33. Qf7+ Qg7 34.
Qe8 Bd2 35. Re7 Bc3 36. g3 h5 37. Kg2 Kh6 38. Rxg7 Bxg7 39. Qe3+ Kh7 40. Qc5 Rf6
41. Qxa5 Rf5 42. Qc7 Kh6 43. d6 Be5 44. Qd8 Bf6 45. Qc8 Bd4 46. h4 Rf2+ 47. Kh3
Rf3 48. Qd8 Be5 49. Qg5+ Kh7 50. d7 Bf6 51. d8=Q Bxd8 52. Qxd8 g5 53. Qg8+ Kh6
54. hxg5# 1-0

[Event "Challenge"]
[Site "http://www.queenalice.com/game.php?id=365204"]
[Date "2008.3.4"]
[Round "-"]
[White "terrazzee"]
[Black "Gera"]
[Result "1-0"]
[WhiteElo "1739"]
[BlackElo "1799"]

1. e4 c5 2. Nf3 Nc6 3. d4 cxd4 4. Nxd4 Nf6 5. Nc3 e5 6. Ndb5 a6 7. Na3 Bb4 8.
Bd3 d5 9. exd5 Bxc3+ 10. bxc3 Qxd5 11. O-O O-O 12. Bg5 Ng4 13. Bxh7+ 1-0

[Event "Challenge"]
[Site "http://www.queenalice.com/game.php?id=365250"]
[Date "2008.3.4"]
[Round "-"]
[White "SRIVERO"]
[Black "terrazzee"]
[Result "0-1"]
[WhiteElo "1631"]
[BlackElo "1776"]

1. d4 d5 2. c4 e6 3. Nc3 Nf6 4. Nf3 Be7 5. e3 O-O 6. Bd3 b6 7. O-O Bb7 8. Re1
Nbd7 9. e4 dxe4 10. Nxe4 Nxe4 11. Bxe4 Bxe4 12. Rxe4 Nf6 13. Re3 c5 14. Rd3 cxd4
15. Rxd4 Qc7 16. Bf4 Qc5 17. Ne5 Rad8 18. Nf3 Rxd4 19. Nxd4 Rd8 20. Be3 e5 21.
Qa4 exd4 22. Bg5 a5 23. Rd1 h6 24. Bxf6 Bxf6 25. Qc2 b5 26. b3 a4 27. Rd3 axb3
28. axb3 Rc8 29. g3 bxc4 30. bxc4 Qxc4 31. Qe2 Qc2 32. Rd2 d3 33. Rxc2 dxc2 34.
Qxc2 Rxc2 35. h4 Bd4 36. Kg2 Rxf2+ 37. Kh3 h5 38. g4 Rf1 39. gxh5 Rg1 40. h6
gxh6 41. h5 f5 42. Kh2 f4 43. Kh3 f3 44. Kh4 f2 45. Kh3 f1=Q+ 46. Kh4 Bf6# 0-1

[Event "Challenge"]
[Site "http://www.queenalice.com/game.php?id=365261"]
[Date "2008.3.4"]
[Round "-"]
[White "terrazzee"]
[Black "SRIVERO"]
[Result "1-0"]
[WhiteElo "1770"]
[BlackElo "1624"]

1. e4 c5 2. Nf3 Nc6 3. d4 cxd4 4. Nxd4 d6 5. Nc3 Nf6 6. Be2 g6 7. O-O Bg7 8. Be3
O-O 9. h3 Nxd4 10. Bxd4 e5 11. Be3 b6 12. Bg5 Bb7 13. Nd5 Rc8 14. Bxf6 Bxf6 15.
Nxf6+ Qxf6 16. Bf3 Rfd8 17. c3 Rc5 18. Qa4 Ra5 19. Qc2 d5 20. b4 Ra6 21. Be2
dxe4 22. Bxa6 Bxa6 23. Rfd1 Bd3 24. Qa4 Qg5 25. Qxa7 b5 26. a4 h5 27. axb5 Bxb5
28. Rxd8+ Qxd8 29. Qb7 Be8 30. Ra8 Qd1+ 31. Kh2 Kf8 32. Qc8 Kg7 33. Qxe8 Qd2 34.
Qh8# 1-0

[Event "Challenge"]
[Site "http://www.queenalice.com/game.php?id=366743"]
[Date "2008.3.6"]
[Round "-"]
[White "SRIVERO"]
[Black "terrazzee"]
[Result "0-1"]
[WhiteElo "1636"]
[BlackElo "1790"]

1. d4 d5 2. c4 e6 3. Nc3 Nf6 4. Nf3 b6 5. e3 Bb4 6. Bd2 Bb7 7. cxd5 Nxd5 8. Bd3
Nd7 9. O-O O-O 10. a3 Bxc3 11. bxc3 c5 12. Qc2 h6 13. e4 N5f6 14. Rad1 cxd4 15.
cxd4 Rc8 16. Qb1 Nc5 17. dxc5 bxc5 18. Bc3 Qb6 19. Bxf6 gxf6 20. e5 Bxf3 21.
gxf3 fxe5 22. Rfe1 f6 23. Bh7+ Kh8 24. Qg6 Qc7 25. Qxh6 Qxh7 26. Qxh7+ Kxh7 27.
Kh1 c4 28. Rd7+ Kg6 29. Rg1+ Kf5 30. Rxa7 c3 31. Rc1 Rfd8 32. Rb7 c2 33. Kg2 Rd1
34. Rxc2 Rxc2 35. Rb4 Rdd2 36. Kg3 Rxf2 37. a4 Rg2+ 38. Kh3 Rxh2+ 0-1

[Event "Challenge"]
[Site "http://www.queenalice.com/game.php?id=366744"]
[Date "2008.3.6"]
[Round "-"]
[White "terrazzee"]
[Black "SRIVERO"]
[Result "1-0"]
[WhiteElo "1803"]
[BlackElo "1706"]

1. e4 c5 2. Nf3 Nc6 3. d4 cxd4 4. Nxd4 d6 5. Nc3 Nf6 6. Be2 g6 7. O-O Bg7 8. Nb3
b6 9. Bg5 e6 10. Re1 O-O 11. Nb5 d5 12. exd5 exd5 13. c3 a6 14. N5d4 Nxd4 15.
Nxd4 h6 16. Bh4 g5 17. Bg3 Ne4 18. Bd3 Nxg3 19. hxg3 Bxd4 20. cxd4 Be6 21. Qh5
Qf6 22. Re5 Rae8 23. Rae1 Kh8 24. a3 b5 25. f4 gxf4 26. gxf4 Rg8 27. f5 Rg5 28.
Qh3 Bd7 29. Rxe8+ Bxe8 30. Rxe8+ Kg7 31. Re5 Qc6 32. Qf3 Qc1+ 33. Kh2 Qc7 34.
f6+ Kf8 35. Qf4 Rh5+ 36. Kg1 Rxe5 37. Qxe5 Qc1+ 38. Kh2 Qc6 39. Bh7 Qe6 40. Qb8+
Qe8 41. Qd6+ 1-0

[Event "Challenge"]
[Site "http://www.queenalice.com/game.php?id=369627"]
[Date "2008.3.12"]
[Round "-"]
[White "terrazzee"]
[Black "SRIVERO"]
[Result "1-0"]
[WhiteElo "1810"]
[BlackElo "1664"]

1. e4 c5 2. Nf3 Nc6 3. d4 cxd4 4. Nxd4 d6 5. c4 Nf6 6. Nc3 e6 7. Be3 Be7 8. Be2
Bd7 9. O-O O-O 10. f4 e5 11. Nxc6 Bxc6 12. Bf3 a6 13. Nd5 Nxd5 14. cxd5 Bb5 15.
Rf2 Rc8 16. fxe5 dxe5 17. Rc1 Bg5 18. Rxc8 Qxc8 19. Bxg5 f6 20. Be3 Rd8 21. Qc2
Qc4 22. Qxc4 Bxc4 23. b3 Bb5 24. Rc2 Kf8 25. Rc7 Rb8 26. a4 Bd3 27. Bc5+ Kg8 28.
d6 b5 29. d7 Rd8 30. Rc8 Rxc8 31. dxc8=Q+ 1-0

[Event "Challenge"]
[Site "http://www.queenalice.com/game.php?id=369774"]
[Date "2008.3.12"]
[Round "-"]
[White "SRIVERO"]
[Black "terrazzee"]
[Result "0-1"]
[WhiteElo "1650"]
[BlackElo "1821"]

1. d4 c5 2. e3 cxd4 3. exd4 d5 4. c4 Nf6 5. Nc3 g6 6. Bf4 Bg7 7. Nf3 Bg4 8. Be2
e6 9. O-O O-O 10. b4 dxc4 11. Bxc4 Nc6 12. h3 Bxf3 13. gxf3 Qxd4 14. Qxd4 Nxd4
15. Kg2 Rac8 16. Be3 Rxc4 17. Bxd4 Rxd4 18. Nb5 Rxb4 19. Rab1 Ra4 20. Rbc1 Nd5
21. Rfd1 Nf4+ 22. Kh2 Be5 23. Kh1 Nxh3 24. Nd6 Nxf2+ 25. Kg2 Nxd1 26. Nxf7 Rxa2+
27. Kg1 Bd4+ 28. Kf1 Ne3+ 29. Ke1 Ng2+ 30. Kd1 Be3 31. Rc7 Rd2+ 0-1

[Event "Para viciados"]
[Site "http://www.queenalice.com/game.php?id=371841"]
[Date "2008.3.16"]
[Round "2"]
[White "terrazzee"]
[Black "JCOELHO"]
[Result "1-0"]
[WhiteElo "1846"]
[BlackElo "1552"]

1. e4 e5 2. Nf3 d6 3. Bc4 h6 4. d4 exd4 5. Nxd4 Nf6 6. Nc3 Bg4 7. f3 Bh5 8. Be3
g5 9. Nf5 Nc6 10. Nd5 g4 11. Qe2 gxf3 12. gxf3 Ne5 13. Rf1 c6 14. Nxf6+ Qxf6 15.
O-O-O Bg7 16. Rxd6 Qxd6 17. Nxd6+ Ke7 18. Nf5+ Kf6 19. Bd4 1-0

[Event "Challenge"]
[Site "http://www.queenalice.com/game.php?id=372322"]
[Date "2008.3.17"]
[Round "-"]
[White "SRIVERO"]
[Black "terrazzee"]
[Result "0-1"]
[WhiteElo "1716"]
[BlackElo "1835"]

1. d4 d5 2. c4 e6 3. Nc3 Nf6 4. Nf3 Be7 5. e3 O-O 6. Qc2 b6 7. Bd3 Bb7 8. O-O
dxc4 9. Bxc4 c5 10. e4 cxd4 11. Nd1 Bxe4 12. Qe2 Nc6 13. Bd3 Bxf3 14. Qxf3 Ne5
15. Qg3 Nxd3 16. Qxd3 e5 17. f4 e4 18. Qg3 e3 19. Qf3 Bc5 20. Re1 Qd5 21. Qh3
Rae8 22. Nxe3 dxe3 23. Bxe3 Bxe3+ 24. Rxe3 Qd4 25. Re1 Nd5 26. Kh1 Nxe3 27. g4
Nxg4 28. Rxe8 Nf2+ 0-1

[Event "Challenge"]
[Site "http://www.queenalice.com/game.php?id=374624"]
[Date "2008.3.21"]
[Round "-"]
[White "terrazzee"]
[Black "SRIVERO"]
[Result "1-0"]
[WhiteElo "1850"]
[BlackElo "1693"]

1. d4 d5 2. c4 e6 3. Nf3 Nf6 4. Bg5 Nbd7 5. e3 Bb4+ 6. Nc3 O-O 7. Bd3 Qe8 8. O-O
c5 9. dxc5 Nxc5 10. Bxf6 gxf6 11. cxd5 Bxc3 12. bxc3 exd5 13. Qc2 Nxd3 14. Qxd3
Qe4 15. Rfd1 Bg4 16. Qxd5 Qxd5 17. Rxd5 Bxf3 18. gxf3 Kh8 19. Rd6 Rg8+ 20. Kf1
Rg6 21. Rb1 b6 22. Ke2 f5 23. Rd5 Rc8 24. Kd3 Rg2 25. Rb2 Rxh2 26. Rxf5 Rh3 27.
Rxf7 Kg8 28. Rf4 Rd8+ 29. Ke4 Re8+ 30. Kf5 Rf8+ 31. Kg4 Rh6 32. Rxf8+ Kxf8 33.
f4 Kf7 34. e4 Rg6+ 35. Kf3 h5 36. Rb5 Kf6 37. Rxh5 Ke6 38. f5+ 1-0

[Event "Para viciados"]
[Site "http://www.queenalice.com/game.php?id=383350"]
[Date "2008.4.7"]
[Round "3"]
[White "terrazzee"]
[Black "Leijoto"]
[Result "1-0"]
[WhiteElo "1860"]
[BlackElo "1370"]

1. e4 e5 2. Nf3 f6 3. Bc4 Ne7 4. d4 exd4 5. Nxd4 g6 6. Qf3 Bg7 7. Bg5 Rf8 8. Bh4
b6 9. Nc3 c5 10. Nf5 gxf5 11. Qh5+ Rf7 12. Qxf7# 1-0

[Event "QA-ANNIV-04"]
[Site "http://www.queenalice.com/game.php?id=418510"]
[Date "2008.6.16"]
[Round "1"]
[White "terrazzee"]
[Black "filatelista"]
[Result "1-0"]
[WhiteElo "1862"]
[BlackElo "2118"]

1. e4 e5 2. Nf3 Nc6 3. Bc4 h6 4. O-O Nf6 5. c3 d6 6. Re1 Be7 7. d4 O-O 8. h3
exd4 9. cxd4 a6 10. Nc3 b5 11. Bb3 Rb8 12. Bf4 1-0

[Event "QA-ANNIV-04"]
[Site "http://www.queenalice.com/game.php?id=445789"]
[Date "2008.8.8"]
[Round "2"]
[White "Matrick"]
[Black "terrazzee"]
[Result "1/2-1/2"]
[WhiteElo "2332"]
[BlackElo "1888"]

1. d4 d5 2. c4 e6 3. e3 Nf6 4. Nf3 Bb4+ 5. Nbd2 O-O 6. a3 Bxd2+ 7. Bxd2 b6 8.
cxd5 Nxd5 9. Qc2 Bb7 10. e4 Nf6 11. Bd3 h6 12. O-O Nbd7 13. b4 Rc8 14. e5 Nd5
15. Rab1 c5 16. bxc5 Ba8 17. Bb4 Nxb4 18. axb4 Bxf3 19. gxf3 a5 20. Rfc1 Nb8 21.
bxa5 bxa5 22. Rd1 Nc6 23. Kh1 Nb4 24. Qe2 Nxd3 25. Rxd3 Qd5 26. Ra1 Ra8 27. Qe4
Qc4 28. Rdd1 a4 29. c6 a3 30. Rdc1 Qa4 31. c7 Rfc8 32. d5 exd5 33. Qxd5 Qf4 34.
Rc3 1/2-1/2

[Event "QA-ANNIV-04"]
[Site "http://www.queenalice.com/game.php?id=479343"]
[Date "2008.10.18"]
[Round "3"]
[White "terrazzee"]
[Black "simonjscott"]
[Result "1-0"]
[WhiteElo "1902"]
[BlackElo "2043"]

1. e4 e5 2. Nf3 Nc6 3. Bc4 Bc5 4. O-O Nf6 5. d4 Bxd4 6. Nxd4 Nxd4 7. f4 d6 8.
fxe5 dxe5 9. c3 Ne6 10. Qf3 h6 11. Na3 c6 12. Be3 Qe7 13. Rad1 Bd7 14. Rd2 O-O-O
15. Bxa7 Ng5 16. Qe3 Ngxe4 17. Rd3 Be6 18. Rfd1 Bf5 19. Bb6 Rd7 20. Qf3 Bg4 21.
Rxd7 Bxd7 22. Qe3 Bf5 23. Bb3 Nd5 24. Bxd5 cxd5 25. Rxd5 Qe6 26. c4 Re8 27. Nb5
Qg6 28. Rc5+ Nxc5 29. Qxc5+ 1-0

[Event "QA-ANNIV-04"]
[Site "http://www.queenalice.com/game.php?id=514322"]
[Date "2008.12.29"]
[Round "4"]
[White "breizatao"]
[Black "terrazzee"]
[Result "1-0"]
[WhiteElo "2248"]
[BlackElo "1924"]

1. b4 c5 2. bxc5 e5 3. Bb2 Nc6 4. Nf3 e4 5. Ne5 Bxc5 6. e3 Nf6 7. Ng4 Nh5 8. d4
Bb4+ 9. c3 Ba5 10. d5 Nb8 11. d6 Qg5 12. Nd2 Qf5 13. Be2 Nc6 14. O-O O-O 15. f3
exf3 16. Rxf3 Qxg4 17. Rxf7 Qg5 18. Rxf8+ Kxf8 19. Bxh5 Qxe3+ 20. Kh1 g6 21.
Qf1+ 1-0

[Event "QA-ANNIV-04"]
[Site "http://www.queenalice.com/game.php?id=578054"]
[Date "2009.4.26"]
[Round "5"]
[White "terrazzee"]
[Black "RobertD"]
[Result "1-0"]
[WhiteElo "1921"]
[BlackElo "1936"]

1. e4 e5 2. Nf3 d6 3. Bc4 Be6 4. Bb3 Bxb3 5. axb3 Nf6 6. Nc3 Be7 7. O-O a6 8. d4
exd4 9. Nxd4 O-O 10. Bg5 h6 11. Bh4 Qd7 12. Re1 Nc6 13. Nf5 Rae8 14. Qd2 Nxe4
15. Nxe7+ Rxe7 16. Nxe4 Re5 17. Bf6 Rxe4 18. Rxe4 gxf6 19. Qxh6 f5 20. Qg5+ 1-0

[Event "QA-ANNIV-04"]
[Site "http://www.queenalice.com/game.php?id=644204"]
[Date "2009.8.29"]
[Round "6"]
[White "caraumar"]
[Black "terrazzee"]
[Result "0-1"]
[WhiteElo "1848"]
[BlackElo "1938"]

1. d4 d5 2. e3 Nf6 3. h3 e6 4. a3 c5 5. Nf3 Nc6 6. c3 Bd6 7. g3 Qc7 8. Bg2 b6 9.
Nbd2 Ba6 10. Nh2 Bxg3 11. Qf3 Bxh2 12. e4 Qf4 13. e5 Nxe5 14. Qxf4 Nd3+ 15. Kd1
Bxf4 16. Rf1 Nxc1 0-1

[Event "QA-ANNIV-04"]
[Site "http://www.queenalice.com/game.php?id=762130"]
[Date "2010.4.16"]
[Round "8"]
[White "luciano"]
[Black "terrazzee"]
[Result "0-1"]
[WhiteElo "1682"]
[BlackElo "1948"]

1. d4 d5 2. c4 e6 3. e3 Nf6 4. Nc3 c5 5. Nf3 Nc6 6. Bd3 Be7 7. O-O O-O 8. a3 a6
9. cxd5 Nxd5 10. e4 Nxc3 11. bxc3 cxd4 12. cxd4 Nxd4 13. Bb2 Nxf3+ 14. Qxf3 Bd7
15. e5 Bc6 16. Qh3 g6 17. Rad1 Qb6 18. Bc1 Rfd8 19. Bc2 Qc5 20. Bb3 Qxe5 21. f4
Qe2 22. f5 Rxd1 23. Rxd1 Rd8 0-1